Sexualités, genres et mélancolie: S'entretenir avec Judith Butler.

Sparad:
Bibliografiska uppgifter
Huvudupphovsman: David-Ménard, Monique (Författare, medförfattare)
Materialtyp: Bok
Publicerad: Paris, France: Campagne Première, 2009.
Serie:En question.
Ämnen:
Taggar: Lägg till en tagg
Inga taggar, Lägg till första taggen!

MARC

LEADER 00000nam a22000007a 4500
003 CL-VaPUC
005 20250321101926.0
008 250120t2009 ||||| |||| 00| 0 eng d
999 |c 446672  |d 446670 
020 |a 978-2-9157-8947-8 
040 |c Pontificia Universidad Católica de Valparaíso 
082 |a 155.3 DAV 2009 
100 |9 895624  |a David-Ménard, Monique  |e author 
245 |a Sexualités, genres et mélancolie:  |b S'entretenir avec Judith Butler. 
260 |a Paris, France:  |b Campagne Première,  |c 2009. 
300 |a 223 páginas. 
490 |a En question. 
500 |a c.1. Instituto Arcos.08-01-2025. 
583 |c 20250120  |k Gabriela Rodríguez Cuevas 
600 0 |9 886164  |a Butler, Judith  |d 1956-  |e Filósofa  |x Crítica e interpretación  |z Estados Unidos 
650 0 |9 549258  |a Estudios de género  |x Psicoanálisis  
650 0 |9 532780  |a Orientación sexual   |x Aspectos psicológicos 
650 0 |9 527781  |a Identidad de género  |x Teoría queer 
942 |2 ddc  |c BK  |n 0 
952 |0 0  |1 0  |2 ddc  |4 0  |6 155_300000000000000_DAV_2009  |7 0  |9 599583  |a BIBINC  |b BIBINC  |c GEN  |d 2025-01-20  |e Instituto Arcos  |i 5664403  |o 155.3 DAV 2009  |p 5664403  |r 2025-01-20  |t 1  |w 2025-01-20  |y BK  |k IFP